000 00790nam a22002175i 4500
001 164019
003 ES-MaACL
005 20250822004010.0
008 050817s1892 fr | |||||||| ||fre d
040 _aCAM
_bspa
_cCAM
080 _a94(460)"1700/46"
080 _a929 Felipe (460) V
100 1 _aRousseau, François.
_9132107
245 1 3 _aUn reformateur français en Espagne au XVIIIe siècle /
_cpar François Rousseau.
260 _aCorbeil :
_b[s.n.],
_c1892 (
_fImprimerie Ed. Crété)
300 _a39 p. ;
_c23 cm.
600 0 4 _aFelipe
_bV,
_cRey de España
_949182
651 4 _aEspaña-
_xHistoria-
_y1700-1746, Felipe V.
_98237
852 _aES-MaACL
_jT-1411-F-5
_z-- Enc. hol., conservando la cub. anterior rúst.
_z-- Enc. en un vol. facticio
999 _c164019
_d164019